| 000 | 00000nam 2200000zi 4500 |
| 001 | 9.939754 |
| 003 | CaOODSP |
| 005 | 20240625162035 |
| 006 | m o d f |
| 007 | cr mn||||||||| |
| 008 | 240624e198312 quc ob f000 0 fre d |
| 040 | |aCaOODSP|bfre|erda|cCaOODSP |
| 043 | |an-cn--- |
| 086 | 1 |aEn4-610/1983F-PDF |
| 245 | 04|aLes dioxines au Canada : |bapproche fédérale / |cComité interministériel des produits chimiques toxiques. |
| 264 | 1|aHull (Québec) : |bComité interministériel des produits chimiques toxiques, Direction générale des questions prioritaires, Environnaient Canada, |cdécembre 1983. |
| 300 | |a1 ressource en ligne (iv, 39 pages) |
| 336 | |atexte|btxt|2rdacontent/fre |
| 337 | |ainformatique|bc|2rdamedia/fre |
| 338 | |aressource en ligne|bcr|2rdacarrier/fre |
| 500 | |aÉdition numérisée de l’imprimé [par Environnement et changement climatique Canada]. |
| 500 | |aPublié aussi en anglais sous le titre : Dioxins in Canada : the federal approach. |
| 504 | |aComprend des références bibliographiques (page 39). |
| 650 | 6|aDioxines|zCanada|xToxicologie. |
| 650 | 6|aDioxines|xPolitique gouvernementale|zCanada. |
| 650 | 6|aDioxines|xAspect de l'environnement|zCanada. |
| 710 | 1 |aCanada. |bEnvironnement Canada, |eorganisme de publication. |
| 775 | 08|tDioxins in Canada : |w(CaOODSP)9.930519 |
| 856 | 40|qPDF|s1.02 Mo|uhttps://publications.gc.ca/collections/collection_2024/eccc/en4/En4-610-1983-fra.pdf |